| 000 | 01271cam a2200325 a 4500 | ||
|---|---|---|---|
| 001 | 3561404 | ||
| 003 | ARRUPE | ||
| 005 | 20130918161009.0 | ||
| 008 | 980922s1999 mau b 001 0 eng | ||
| 010 | _a 98031566 | ||
| 020 | _a0674177630 (alk. paper) | ||
| 020 | _a0674177649 (pbk. : alk. paper) | ||
| 040 |
_aDLC _cDLC _dDLC |
||
| 050 | 0 | 0 |
_aJV51 _b.S58 1999 |
| 100 | 1 |
_aSpivak, Gayatri Chakravorty. _9644 |
|
| 245 | 1 | 2 |
_aA critique of postcolonial reason : _btoward a history of the vanishing present / _cGayatri Chakravorty Spivak. |
| 260 |
_aCambridge, Mass. : _bHarvard University Press, _c1999. |
||
| 300 |
_axiii, 449 p ; _c25 cm. |
||
| 504 | _aIncludes bibliographical references and index. | ||
| 650 | 0 |
_aPostcolonialism. _9645 |
|
| 650 | 0 |
_aFeminist criticism. _9646 |
|
| 650 | 0 |
_aWomen and literature. _9647 |
|
| 650 | 0 |
_aFeminism and literature. _9648 |
|
| 650 | 0 |
_aPhilosophy, Modern _y19th century. _9649 |
|
| 650 | 0 |
_aPhilosophy, Modern _y20th century. _9650 |
|
| 650 | 0 |
_aPolitics and culture. _9651 |
|
| 906 |
_a7 _bcbc _corignew _d1 _eocip _f19 _gy-gencatlg |
||
| 942 |
_2lcc _cMONOGRAPH |
||
| 999 |
_c117900 _d117900 |
||